00307nam a2200109Ia 4500008004100000041000800041082001500049100001500064245005800079260004900137365001100186240624s9999 xx 000 0 und d aeng a153.94 KUM aKUMAR ARUN aCS PROFESSIONAL PROGRAMME SOLVED SCANNER M II PAPER 4 c2012aAllahabadbShuchita Prakashan (P) Ltd. cRSb10